000 00372nam a22001577a 4500
003 OSt
005 20240304162451.0
008 190410b xxu||||| |||| 00| 0 eng d
020 _a978-8182093225
040 _cIIMT UNIVERSITY
100 _aPERIASMY.P
245 _aFINANCIAL MANAGEMANT
260 _aNEW DELHI
_bTMH PUB
_c2009
300 _a23.6
942 _2ddc
_c01
_e2009
999 _c46154
_d46154